| 000 | 00369nam a2200121Ia 4500 | ||
|---|---|---|---|
| 008 | 160712s9999 xx 000 0 und d | ||
| 100 | _aPetralba, Doy. | ||
| 245 |
_cDoy Petralba _aSpanish Guitar |
||
| 260 |
_c2012 _bDiliman Review |
||
| 300 | _avol. 59 no. 1-4 | ||
| 650 | _xFICTION | ||
| 856 | _uhttp://journals.upd.edu.ph/index.php/dilimanreview/issue/view/390/showToc | ||
| 999 |
_c297418 _d297418 |
||